000 nam a22 a 4500
999 _c187992
_d187992
003 BLK
005 20220526130510.0
008 180411b bul|||||r ||||||| ||bul||
040 _aBLK
041 _aBUL
_cBUL
080 _aБългарска литература
_b821.163.2
_x-4
_z821.163.2-4
100 1 _aТамбуев, Георги Стефанов
_eпърви автор
_9273657
139 _aТамбуев, Георги Стефанов
_bТ 27
245 1 0 _aГости от Америка
_bОчерци
_cГеорги Стефанов Тамбуев.
257 _aBGR
260 _aСофия
_bНС ОФ
_c1966
300 _a164 с.
_bс ил.
_c20 см
380 _aX
500 _a6 000 тир.
852 _aЦб 36423
856 4 _qpdf
856 4 _qpdf
942 _cKNG
_n0
_01
_s1
944 _aCR
_c29.11.2016
_kКети_Илиева
944 _aED
_c2022-05-26
_kир
999 _d187992